000
00282nam a22001337a 4500
020
_a
07-094175-0
082
_a
621.395 MOR'L
100
_a
MORRIS, N. M
_9
9523
245
_a
LOGIC CIRCUTS
250
_a
1ST
260
_a
LONDON
_b
MCGRAW HILL
_c
1971
300
_a
204P
942
_c
BK
999
_c
582833
_d
582833